| 000 | 00799nam a22002897a 4500 | ||
|---|---|---|---|
| 001 | 5335 | ||
| 003 | FISKH | ||
| 005 | 20241127093829.0 | ||
| 008 | 241127b cb ||||| |||| 00| 0 eng d | ||
| 020 | _a9780307119421 | ||
| 040 |
_aFISKH _beng _cFISKH _dFISKH |
||
| 050 | _aPZ7.M462 | ||
| 082 | _a306.875 | ||
| 100 |
_aMayer, Mercer _d(1943-) |
||
| 245 |
_aThe new baby / _cBy Mercer Mayer |
||
| 250 | _aFirst edition in 2003 | ||
| 260 |
_aNew York : _bRandom House, _c2003. |
||
| 300 |
_a23 pages : _bColor illustrations ; _c21 cm |
||
| 505 | _aJ | ||
| 520 | _aThe new baby takes some getting used to, but she's worth it. | ||
| 521 | 8 |
_a450L
_bLexile |
|
| 521 | 8 |
_aJ
_bRaz-Plus |
|
| 650 |
_2Baby _aFiction |
||
| 650 |
_2Picture book _aFamily |
||
| 942 |
_2ddc _cBK _n0 |
||
| 999 |
_c5335 _d5335 |
||